000 00472nam a2200193Ia 4500
005 20250423095418.0
008 250422s9999 xx 000 0 und d
020 _a9780071326414
050 _aQL 757 .R63/
100 _aRoberts, Larry S.
245 0 _aFoundations of Parasitology
250 _a9th ed.
260 _aNew York
260 _bMcGraw-Hill Education
260 _c2013
300 _a670 p
650 _a Parasitology. Parasitology.
942 _cBK
999 _c30193
_d30193